Disciplina inteligente: soluciones eficaces para enseñarles a sus hijos a autocontrolarse y fortalecer su autoestima

Enregistré dans:
Détails bibliographiques
Auteur principal: Koenig, Larry J (Auteur)
Format: Livre
Langue:espagnol
Publié: Bogotá Norma 2003
Édition:1a. ed
Sujets:
Tags: Ajouter un tag
Pas de tags, Soyez le premier à ajouter un tag!

MARC

LEADER 00000nam a2200000 a 4500
001 UCK1789
003 CL-VaPUC
008 041126e20030000CK |||||||||||||||||spa|d
020 |a 9580475989 
082 0 4 |a 649.64  |b KOE  |2 21 
100 0 |a Koenig, Larry J  |e author  |9 489670 
245 1 0 |a Disciplina inteligente: soluciones eficaces para enseñarles a sus hijos a autocontrolarse y fortalecer su autoestima 
250 |a 1a. ed 
300 |a 245 p 
942 |c BK 
945 |d 20041126 00:00:00  |a cmena 
260 |a Bogotá  |b Norma  |c 2003 
650 7 |a DISCIPLINA  |2 CL-VaPUC  |9 308401 
650 0 |a Relación padres-hijos  |9 425123 
650 0 |a Familias   |9 255641 
650 0 |a Psicología del niño  |9 307305 
650 7 |a ROL DE LOS PADRES  |2 CL-VaPUC  |9 338980 
583 |a last modification  |c 20130107 12:21:53  |k Rodrigo Vera 
999 |c 311601  |d 311599 
952 |0 0  |1 0  |4 0  |6 649_640000000000000_KOE_2003  |7 0  |8 A  |9 381079  |a BIBEDU  |b BIBEDU  |d 2019-11-21  |i 408196K  |o 649.64 KOE 2003  |p 408196K  |r 2019-11-21  |w 2019-11-21  |y BK  |k PAR